000
00313nam a2200145Ia 4500
100
_a
Pinny/William E
942
_c
RB
654
_a
management
245
_a
Management Science
260
_b
Harper and Row pub.
_a
New York
_c
1987
082
_a
658.4033
_b
PIN
300
_a
620
546
_a
ENGLISH
999
_c
25900
_d
25900